00387nam a2200145Ia 4500008004100000082001600041100002200057245005600079250000800135260002500143300001200168500002400180650001800204700001900222230524s9999 xx 000 0 und d a374.22bPRA aHari Mohan Prasad 0aHow to Prepare For : Group Discussion and Interview a2ND aNEW DELHIbTMHc2205 aXVI;217 aQuantity Number: 2 aMiscellaneous a Rajnish Mohan